000
002650000a22001090004500
090
_a
AS
_b
Seriadas
245
1
0
_a
Migraciones
041
0
_a
Español
100
1
_a
Velásquez, María Cristina
_9
99977
942
_c
ARTICULO
773
1
_t
Boletín SAO
_h
16-17
_q
78-81
_d
1998
_g
9
999
_c
15749
_d
15749